Bundesvorsitzende der Parteien des Bundestags - Statistiken

Allgemein
  • Dieses Quiz wurde 283 mal gespielt
  • Das Durchschnittsergebnis liegt bei 6 aus 12
Antwortstatistiken
Partei Name % Korrekt
AfD Alice Weidel
92%
FDP Christian Lindner
89%
CDU Friedrich Merz
87%
AfD Tino Chrupalla
69%
Bündnis 90/Die Grünen Ricarda Lang
60%
SPD Saskia Esken
57%
SPD Lars Klingbeil
55%
CSU Markus Söder
50%
Bündnis 90/Die Grünen Omid Nouripour
38%
Die Linke Janine Wissler
29%
Die Linke Martin Schirdewan
15%
SSW Christian Dirschauer
1%
Keine übereinstimmenden Quizze gefunden
Verteilung der Resultate
Anzahl Personen mit jedem Resultat
Perzentil nach korrekt beantworteten Fragen
Ihre Resultats-Entwicklung
Sie haben dieses Quiz noch nicht gespielt